000 00442nam a2200181Ia 4500
008 230711s9999||||xx |||||||||||||| ||und||
020 _a978-81-265-0833-4
041 _aENG
082 _a621.384
_bPR-S
100 _aPratt,Timothy
245 0 _aSatelite communication
250 _a2nd Ed.
260 _c2003
_aNew Delhi
_bWiley & Sons
300 _a536p.
650 _aElectronics Engineering
700 _aBostain,Charles
942 _cBK
999 _c5990
_d5990